| 000 | 00336nam a2200145Ia 4500 | ||
|---|---|---|---|
| 008 | 230917s9999||||xx |||||||||||||| ||und|| | ||
| 040 |
_e111287 _aMAIN |
||
| 041 | _aEnglish | ||
| 082 | _a621.46 R137E | ||
| 100 | _aRajput, R K | ||
| 245 | 0 | _aElectrical machines | |
| 260 |
_aNew Delhi _bLaxmi _c2006 |
||
| 300 | _a93 p. | ||
| 942 | _cBK | ||
| 999 |
_c136199 _d136199 |
||